000 00937nam a2200277Ia 4500
003 OSt
005 20221005023641.0
006 a|||||r|||| 00| 0
007 ta
008 221004b |||||||| |||| 00| 0 eng d
020 _a9783110347470
_cEURO 99.95
024 _a34702
037 _b111038, 11/09/2017, International Book Distributors
_cTextual
040 _aCRL
_cCRL
_beng
041 _2eng
_aeng
082 _aP113xM55, 111Q5
100 _aAuer Peter Ed.
_969920
245 0 _aHermann Paul's principles of language history revisited
_b translation and reflections
260 _aBerlin
_bWalter de gruyter Germany
_c2015
300 _avi,297p.
_ccm.
650 _a GERMAN LANGUAGE
_9579817
650 _a LANGUAGE AND LANGUAGES
_98342
650 _aLINGUISTICS
942 _hP113xM55, 111Q5
_cTEXL
_2cc
999 _c931528
_d931528